Least Guessed Countries on JetPunk - Statistics

General Stats
  • This quiz has been taken 12 times
  • The average score is 10 of 15
Answer Stats
Hint Answer % Correct
20% Kiribati
82%
18% Nauru
82%
17% Sao Tome and Principe
82%
19% Comoros
73%
19% Grenada
73%
20% Palau
73%
23% Saint Kitts and Nevis
73%
22% Tuvalu
73%
23% Antigua and Barbuda
64%
21% Marshall Islands
64%
21% Vanuatu
64%
24% East Timor
55%
23% Guinea-Bissau
55%
19% Saint Vincent and the Grenadines
55%
24% Burundi
36%
No matching quizzes found
Score Distribution
Percent of People with Each Score
Percentile by Number Answered
Your Score History
You have not taken this quiz